000
00313nam a22001337a 4500
999
_c
15365
_d
15365
020
_a
9788171301812
082
_a
894.812 3
_b
KUN/SM
100
_a
Kunhabdulla, Punathil
_9
3049
245
_a
Smakasilakal
260
_a
Kottayam
_b
D.C Books
_c
2017
300
_a
263
650
_a
Malayalam Fiction
_9
3040
942
_c
BK